00550 2200169 4500001002100000005001500021035002000036007000300056008003900059082000700098084001300105100002100118245016600139260004600305650001500351990001400366INLIS00000000000988120260413023856 a0010-0426000222ta260413 | | |  a81 a81 TAU a0 aTAUFIQ RAMADHANA1 aANALISIS MEKANISME MUTASI PEGAWAI NEGERI SIPIL PADA BADAN KEPEGAWAIAN DAN PENGEMBANGAN SUMBER DAYA MANUSIA KOTA PALANGKA RAYA TAHUN 2023-2024 /cTAUFIQ RAMADHANA aPALANGKA RAYA :bPERPUSTAKAAN UMPR,c2026 4aMUTASI PNS a238101128